5HLuxD.jpg

KING HENRY VIII SENIOR AND PRIMARY SCHOOL LIBRARY OPAC

The Nutcracker / (Record no. 5595)

000 -LEADER
fixed length control field 01002nam a22002417a 4500
003 - CONTROL NUMBER IDENTIFIER
control field OSt
005 - DATE AND TIME OF LATEST TRANSACTION
control field 20251009085141.0
008 - FIXED-LENGTH DATA ELEMENTS--GENERAL INFORMATION
fixed length control field 251009b ||||| |||| 00| 0 eng d
020 ## - INTERNATIONAL STANDARD BOOK NUMBER
International Standard Book Number 9781409591528
040 ## - CATALOGING SOURCE
Transcribing agency KH8
082 ## - DEWEY DECIMAL CLASSIFICATION NUMBER
Classification number FIC HEL
100 ## - MAIN ENTRY--PERSONAL NAME
Personal name Helbrough, Emma,
Relator term author.
245 ## - TITLE STATEMENT
Title The Nutcracker /
Statement of responsibility, etc. retold by Emma Helbrough ; illustrated by Anna Luraschi.
260 ## - PUBLICATION, DISTRIBUTION, ETC.
Place of publication, distribution, etc. England ;
Name of publisher, distributor, etc. Usborne Publishing Ltd ,
Date of publication, distribution, etc. 2004.
300 ## - PHYSICAL DESCRIPTION
Extent 48 pages :
Other physical details color illustrations ;
Dimensions 20 cm.
490 ## - SERIES STATEMENT
Series statement Usborne Young Reading
Volume/sequential designation Series one
520 ## - SUMMARY, ETC.
Summary, etc. When Clara opens a special present on Christmas Eve, she finds an unusual doll inside. But the doll is more than unusual - it' magic. Soon Clara is setting off on an incredible journey through the Land of Snow and Ice, and on to the most spectacular place she has ever seen...
650 ## - SUBJECT ADDED ENTRY--TOPICAL TERM
Topical term or geographic name entry element Easy reading
Form subdivision fiction
650 ## - SUBJECT ADDED ENTRY--TOPICAL TERM
Topical term or geographic name entry element Story telling
Form subdivision fiction
700 ## - ADDED ENTRY--PERSONAL NAME
Personal name Lurasch, Anna,
Relator term illustrator.
830 ## - SERIES ADDED ENTRY--UNIFORM TITLE
Uniform title Usborne Young Reading
942 ## - ADDED ENTRY ELEMENTS (KOHA)
Source of classification or shelving scheme
Koha item type Books
Holdings
Withdrawn status Lost status Source of classification or shelving scheme Damaged status Not for loan Collection code Permanent Location Current Location Shelving location Date acquired Full call number Barcode Date last seen Price effective from Koha item type
          Fiction KH8 Senior School Library KH8 Senior School Library Staff Office 2025-10-09 FIC HEL BRKHSL000012 2025-10-09 2025-10-09 Books - Fiction

Powered By KH8 IT Dept